000 00868nam a2200265Ia 4500
003 OSt
005 20220925223740.0
006 a|||||r|||| 00| 0
007 ta
008 220923b |||||||| |||| 00| 0 eng d
020 _a9780415498067
_c1936.97
037 _b33928, 27/02/2012, Segment Book Distrobutors
_cGeneral Book
040 _aRTL
_cRTL
_beng
041 _2eng
_aeng
082 _aU475:(L:5), Q1
100 _aAnthamatten Peter
_9290263
245 0 _aIntroduction to the geography of health
260 _aLondon
_bRoutledge
_c2011
300 _axx, 273p
_ccm.
500 _aBibliography: P 235-64; Glossary: P 225-34
650 _aGeography
700 _a Hazen Helen
_9290264
942 _hU475:(L:5), Q1
_cGB
_2CC
999 _c580303
_d580303